Nutritive Value of Foods / (Record no. 615139)

000 -LEADER
fixed length control field 00296nam a22001337a 4500
003 - CONTROL NUMBER IDENTIFIER
control field NUST
005 - DATE AND TIME OF LATEST TRANSACTION
control field 20251009160802.0
082 ## - DEWEY DECIMAL CLASSIFICATION NUMBER
Classification number 641.31.ADM
245 ## - TITLE STATEMENT
Title Nutritive Value of Foods /
260 ## - PUBLICATION, DISTRIBUTION, ETC.
Place of publication, distribution, etc. USA
Name of publisher, distributor, etc. Washington
Date of publication, distribution, etc. 1981
300 ## - PHYSICAL DESCRIPTION
Extent 33 p
650 ## - SUBJECT ADDED ENTRY--TOPICAL TERM
Topical term or geographic name entry element Nutritive Foods
9 (RLIN) 131068
942 ## - ADDED ENTRY ELEMENTS (KOHA)
Source of classification or shelving scheme
Koha item type Book
Holdings
Withdrawn status Lost status Source of classification or shelving scheme Damaged status Not for loan Permanent Location Current Location Shelving location Date acquired Total Checkouts Full call number Barcode Date last seen Price effective from Koha item type Public note
          Military College of Signals (MCS) Military College of Signals (MCS) General Stacks 10/09/2025   641.31.ADM MCS20582 10/09/2025 10/09/2025 Book Almirah No.76, Shelf No.2
© 2023 Central Library, National University of Sciences and Technology. All Rights Reserved.